Sportarten mit "N" - Statistiken

Allgemein
  • Dieses Quiz wurde 24 mal gespielt
  • Das Durchschnittsergebnis liegt bei 2 aus 7
Antwortstatistiken
Art Sportart % Korrekt
Laufen & Natur Nordic Walking
73%
Torspiel Netball
32%
Schlitten Naturbahnrodeln
27%
Mehrkampfsport Nordische Kombination
27%
Präzisionssport Novuss
5%
Kampfsport Naginata
0%
Geschwindigkeit Nippers
0%
Keine übereinstimmenden Quizze gefunden
Verteilung der Resultate
Anzahl Personen mit jedem Resultat
Perzentil nach korrekt beantworteten Fragen
Ihre Resultats-Entwicklung
Sie haben dieses Quiz noch nicht gespielt